Aplikácia medzinárodných účtovných štandardov pre verejný sektor vo výučbe účtovníctva rozpočtových a príspevkových organizácií a obcí
Informácie o aplikácii medzinárodných účtovných štandardov pre verejný sektor vo výučbe účtovníctva rozpočtových a príspevkových organizácií a obcí a o skvalitnení pedagogického procesu využitím didaktických prostriedkov, konkrétne LCD projektora.
Salvato in:
| Autore principale: | |
|---|---|
| Natura: | Capitolo di libro |
| Lingua: | slovacco |
| Soggetti: | |
| Tags: |
Nessun Tag, puoi essere il primo ad aggiungerne!!
|
MARC
| LEADER | 00000naa$a2200000$$$4500 | ||
|---|---|---|---|
| 001 | 0042412 | ||
| 005 | 20240502071515.5 | ||
| 041 | 0 | |a slo | |
| 044 | |a SK | ||
| 245 | 1 | 0 | |a Aplikácia medzinárodných účtovných štandardov pre verejný sektor vo výučbe účtovníctva rozpočtových a príspevkových organizácií a obcí |c Antónia Kovalčíková |
| 520 | |a Informácie o aplikácii medzinárodných účtovných štandardov pre verejný sektor vo výučbe účtovníctva rozpočtových a príspevkových organizácií a obcí a o skvalitnení pedagogického procesu využitím didaktických prostriedkov, konkrétne LCD projektora. | ||
| 610 | 2 | 0 | |a štandardy účtovné medzinárodné |
| 610 | 2 | 0 | |a sektor verejný |
| 610 | 2 | 0 | |a účtovníctvo |
| 610 | 2 | 0 | |a vzdelávanie |
| 610 | 2 | 0 | |a školy vysoké |
| 610 | 2 | 0 | |a organizácie príspevkové |
| 610 | 2 | 0 | |a organizácie rozpočtové |
| 610 | 2 | 0 | |a obce |
| 100 | 1 | |a Kovalčíková, Antónia | |